| 000 | 00708nam a2200217Ia 4500 | ||
|---|---|---|---|
| 008 | 130821s1989 mx gr spa | ||
| 020 | _a9684199546 | ||
| 040 |
_aCo-BoUCM _bspa |
||
| 041 | _aspa | ||
| 100 | 1 |
_aGarcia-Canclini, Néstor _d1939- |
|
| 245 | 1 | 0 |
_aCulturas híbridas estrategias para entrar y salir de la modernidad _cNéstor García Canclini. |
| 260 |
_aMéxico D.F. (México) _bGrijalbo _c1989 |
||
| 300 | _a363 páginas | ||
| 504 | _aIncluye bibliografía e índice. | ||
| 650 | 0 | 4 |
_aCultura _9150 |
| 650 | 0 | 4 |
_aEvolución social _915370 |
| 650 | 0 | 4 |
_aModernidad _919681 |
| 650 | 0 | 4 |
_aPostmodernidad _922120 |
| 942 |
_cLIBRO _a5 _e1 _mG17 _2DEWEY _h306 |
||
| 999 |
_c2069 _d2069 |
||